000 00362nam a22001457a 4500
020 _a9785970603154
082 _a378.5845
_bLEG
245 _aLegendary polytech.
260 _aAlmaty:
_bSatbayev University,
_c2014.
300 _a335p
504 _aKazakh language
563 _aHB
650 _aTechnical universities and colleges
_9133716
942 _2ddc
_cBK
999 _c616680
_d616680